| 000 | 00356nam a2200157Ia 4500 | ||
|---|---|---|---|
| 003 | Ost | ||
| 005 | 20260225132548.0 | ||
| 008 | 260225s9999||||xx |||||||||||||| ||und|| | ||
| 040 | _cfsic | ||
| 041 | _afre | ||
| 082 | _a440 | ||
| 100 |
_aLouis porcher _eAuteur |
||
| 245 | 0 | _aVers la dictature des média / | |
| 245 | 0 | _cLouis porcher | |
| 942 | _cكتاب | ||
| 999 |
_c33986 _d33986 |
||